General Subdivision Knowledge #1 - Statistics

General Stats
  • This quiz has been taken 15 times
  • The average score is 12 of 20
Answer Stats
Hint Answer % Correct
What is the capital of Bavaria in Germany? Munich
93%
Kaliningrad is a subdivision in what country? Russia
93%
Where in France did the famous D-Day invasion take place in? Normandy
86%
What province in Canada predominantly speaks French? Quebec
86%
What is the subdivision of most U.S. states? County
79%
What Chinese city was handed over to China from Portugal? Macau
79%
What Indian state was once owned by the Portuguese? Goa
71%
Florence is the capital of what Italian subdivision? Tuscany
71%
Name a Spanish Autonomous Community that has no borders Canary Islands | Balearic Islands
64%
Name an internal territory in Australia Northern Territory | Australian Capital Territory
57%
What Japanese prefecture is on the northernmost major island of Japan? Hokkaido
50%
What U.S. State uses parishes instead of the above? Louisiana
50%
What Portuguese Autonomous region was Ronaldo born in? Madeira
50%
To be clear, Northern Ireland and this historical Irish province are NOT the same. Ulster
50%
What is the largest Brazilian state by area? Amazonas
43%
What is the name of the large island in China near Vietnam? Hainan
43%
England, Wales, and Scotland are all examples of {Constituent} Countries
36%
What territory owns the largest national park in the world? Greenland
36%
Name a U.S. Territory that is also a U.S. National Park American Samoa | United States Virgin Islands
21%
Many Arabic countries like Egypt subdivide by what? Governorate
7%
No matching quizzes found
Score Distribution
Percent of People with Each Score
Percentile by Number Answered
Your Score History
You have not taken this quiz